Fundamentos constitucionales e internacionales del derecho de familia en Centroamérica (Registro nro. 8280)

Detalles MARC
000 -CABECERA
Longitud fija campo de control 00700nam a2200205 a 4500
001 - NÚMERO DE CONTROL
Número de control 1185253
003 - IDENTIFICADOR DELl NÚMERO DE CONTROL
Identificador del número de control OSt
005 - FECHA Y HORA DE LA ÚLTIMA TRANSACCIÓN
Fecha y hora de la última transacción 20140722213002.0
008 - CÓDIGOS DE INFORMACIÓN DE LONGITUD FIJA
Códigos de información de longitud fija 970124s1996 nq a 000 0 spa
010 ## - NÚMERO DE CONTROL DE LA BIBLIOTECA DEL CONGRESO
Número de control de LC 97107945
040 ## - FUENTE DE LA CATALOGACIÓN
Centro transcriptor BMC
082 ## - NÚMERO DE LA CLASIFICACIÓN DECIMAL DEWEY
Númeroo de clasificación 346.015728
100 1# - PUNTO DE ACCESO PRINCIPAL-NOMBRE DE PERSONA
9 (RLIN) 6920
Nombre de persona Giammattei Avilés, Jorge Antonio
245 10 - MENCIÓN DE TÍTULO
Título Fundamentos constitucionales e internacionales del derecho de familia en Centroamérica
Mención de responsabilidad, etc. Jorge Antonio Giammattei Avilés ; [Mireya Guerrero Gémez]
260 ## - PUBLICACIÓN, DISTRIBUCIÓN, ETC. (PIE DE IMPRENTA)
Lugar de publicación, distribución, etc. Managua
Nombre del editor, distribuidor, etc. Corte Centroamericana de Justicia
Fecha de publicación, distribución, etc. 1996
300 ## - DESCRIPCIÓN FÍSICA
Extensión 89 p.
Otras características físicas il.
Dimensiones 21 cm
650 24 - PUNTO DE ACCESO ADICIONAL DE MATERIA - TÉRMINO DE MATERIA
Término de materia o nombre geográfico como elemento inicial Derecho de familia
Subdivisión geográfica América central
9 (RLIN) 15910
700 1# - PUNTO DE ACCESO ADICIONAL - NOMBRE DE PERSONA
Nombre de persona Guerrero Gómez, Mireya
9 (RLIN) 14871
942 ## - ENTRADA DE ELEMENTOS AGREGADOS (KOHA)
Fuente de clasificaión o esquema Dewey Decimal Classification
Koha [por defecto] tipo de item 1- Monografias
Existencias
Suprimido Perdido Fuente de clasificación o esquema Estropeado Restricciones de uso No para préstamo Código de colección Localización permanente Localización actual Localización en estanter&íacute;as Fecha adquisición Fuente de adquisición Número de inventario Préstamos totales Signatura completa Código de barras Fecha última consulta Coste, precio reemplazado Fecha del precio de reemplazo Tipo de item de Koha Fecha último préstamo Renovaciones totales
NULL NULL Dewey Decimal Classification NULL Prestable NULL NULL Biblioteca Miguel de Cervantes - UNICAES Biblioteca Miguel de Cervantes - UNICAES Sala Principal 21/12/2001 Donación - UNICO 013099   346.01 GIA fun 1013099 19/03/2014 6.00 19/03/2014 1- Monografias    
NULL NULL Dewey Decimal Classification NULL Prestable NULL NULL Biblioteca Miguel de Cervantes - UNICAES Biblioteca Miguel de Cervantes - UNICAES Sala Principal 21/12/2001 Donación - UNICO 013100 1 346.01 GIA fun 1013100 13/02/2019 6.00 19/03/2014 1- Monografias 13/02/2019  
NULL NULL Dewey Decimal Classification NULL Prestable NULL NULL Biblioteca Miguel de Cervantes - UNICAES Biblioteca Miguel de Cervantes - UNICAES Sala Principal 10/01/2012 Donación - Facultad de Ciencias y Humanidades 013101 1 346.01 GIA fun 1013101 17/03/2017 6.00 19/03/2014 1- Monografias 13/03/2017 1
NULL NULL Dewey Decimal Classification NULL Prestable NULL NULL Biblioteca Miguel de Cervantes - UNICAES Biblioteca Miguel de Cervantes - UNICAES Sala Principal 21/12/2001 Donación - UNICO 013102   346.01 GIA fun 1013102 19/03/2014 6.00 19/03/2014 1- Monografias    
NULL NULL Dewey Decimal Classification NULL Prestable NULL NULL Biblioteca Miguel de Cervantes - UNICAES Biblioteca Miguel de Cervantes - UNICAES Sala Principal 23/12/2000 Donación - UNICO 013103   346.01 GIA fun 1013103 19/03/2014 6.00 19/03/2014 1- Monografias    
NULL NULL Dewey Decimal Classification NULL Prestable NULL NULL Biblioteca Miguel de Cervantes - UNICAES Biblioteca Miguel de Cervantes - UNICAES Sala Principal 23/12/2000 Donación - UNICO 013104 2 346.01 GIA fun 1013104 13/02/2019 6.00 19/03/2014 1- Monografias 13/02/2019